000 00669nam a22002177a 4500
003 UA-OsUOA
001 47954
007 ta
008 20070823b un ||||| |||| 00| 0 ukr d
090 _a94(477)+908
_bМ54
942 _cBK
040 _aUA-OsUOA
_bukr
_cUA-OsUOA
_dUA-OsUOA
245 _aМетодичні рекомендації по підготовці матеріалів Зводу памяток історії та культури України
300 _a112 с.
955 _a1
041 _aukr
080 _a94(477)+908
260 _aК.
_c1993
650 7 _a9 Географія. Біографії. Історія
_2UDC
999 _c334054
_d334054